Las cooperativas mineras de Bolivia /
En el presente se analizan las cooperativas mineras de Bolivia, subrayando en aspectos como origen, historia, situación contemporánea, ubicación, relación entre cooperativas y objetivos del movimiento cooperativo minero boliviano.
Zapisane w:
| 1. autor: | |
|---|---|
| Format: | Texto |
| Hasła przedmiotowe: | |
| Etykiety: |
Dodaj etykietę
Nie ma etykietki, Dołącz pierwszą etykiete!
|
MARC
| LEADER | 00000 a a2200000 04500 | ||
|---|---|---|---|
| 001 | 41880 | ||
| 003 | |||
| 040 | |||
| 100 | |a Quispe Mendoza, Remigio | ||
| 245 | |a Las cooperativas mineras de Bolivia / |c Remigio Quispe Mendoza | ||
| 520 | |a En el presente se analizan las cooperativas mineras de Bolivia, subrayando en aspectos como origen, historia, situación contemporánea, ubicación, relación entre cooperativas y objetivos del movimiento cooperativo minero boliviano. | ||
| 590 | |a SJB/DICIEMBRE2012 | ||
| 650 | |a COOPERATIVAS DE PRODUCCION | ||
| 650 | |a MINERIA | ||
| 650 | |a COOPERATIVISMO | ||
| 650 | |a BOLIVIA | ||
| 773 | |g número5-6 (1985), páginas 239-242 | ||
| 999 | |c 23490 |d 23490 | ||
